000 01087cam a22001694a 4500
005 20250605163654.0
008 250528s ||||||||||||||||||||||||d
035 _a24014
040 _aGR-AtMCL
_bgre
_dGR-AtMCL
_eAACR2
245 1 _aSupply Chain and Logistics / Το Περιοδικό για την Εφοδιαστική Αλυσίδα
260 _bParametros Group
_bScl Magazine,
_c2017
300 _a80
520 _aLogistics Responsible: Η O.Mind Creatives η Πρώτη Εκδοτική Εταιρεία που Μετρά το Ανθρακικό της Αποτύπωμα, Ενωμένοι και με Όραμ θα Πετύχουμε τον Στόχο της Εξωστρέφειας, Ολοκληρωμένο Σύστημα Διαχείρισης Καύσιμου Στόλου Οχημάτων από την Σπυρίδης Α.Ε., Το Επαγγελματικό Όχημα Συναντά τα City Logistics, Λύσεις Τηλεματικής για Στόλους Επαγγελματικών Van.
942 _cCR
999 _c8917
_d8917